ΕΘΙΑΓΕ

Αποθηκεύτηκε σε:
Λεπτομέρειες βιβλιογραφικής εγγραφής
Συγγραφή απο Οργανισμό/Αρχή: Εθνικό Ίδρυμα Αγροτικής Έρευνας
Μορφή: Περιοδική έκδοση
Γλώσσα:Greek
Δημοσίευση: Αθήνα : Εθνικό Ίδρυμα Αγροτικής Έρευνας.
Θέματα:
Ετικέτες: Προσθήκη ετικέτας
Δεν υπάρχουν, Καταχωρήστε ετικέτα πρώτοι!

MARC

LEADER 00000nas a2200000 i 4500
001 1/46021
008 070612c20009999gr zr r 0 |gre||
035 |l 10088268 
040 |a GR-MY-UA  |b gre  |e aacr 
041 0 |a gre 
082 0 |a 338.1   |2 (22)  
110 2 |a Εθνικό Ίδρυμα Αγροτικής Έρευνας. 
245 1 0 |a ΕΘΙΑΓΕ   |h [περιοδικό] /   |c Εθνικό Ίδρυμα Αγροτικής Έρευνας.  
260 |a Αθήνα :   |b Εθνικό Ίδρυμα Αγροτικής Έρευνας.  
300 |a τ. ;   |c 29 εκ.  
310 |a Τριμηνιαίο  
500 |a Τριμηνιαία έκδοση του Εθνικού Ιδρύματος Αγροτικής Έρευνας.  
500 |a Διαθέσιμο στο διαδίκτυο: www.nagref.gr 
650 0 0 |a Agriculture  |x Periodicals. 
650 0 0 |a Agriculture  |z Greece  |x Periodicals. 
853 |a INST  |b LESVOS  |c SER  |h 338.1 
901 |a BIBL1-2006-2 
920 |a ΕΘΝΙΚΟ ΙΔΡΥΜΑ ΑΓΡΟΤΙΚΗΣ ΕΡΕΥΝΑΣ  |y Λέσβος  |z 2003-01 
970 |a ΤΖΑΦΕΡΗ  |b ΕΥΑΓΓΕΛΙΑ  |z 2007/06/12